| 000 | 00993cam a2200241u 4500 | ||
|---|---|---|---|
| 999 |
_c23391 _d23391 |
||
| 001 | 7886822 | ||
| 003 | BDDh-ASL | ||
| 005 | 20231015030231.0 | ||
| 008 | 821213m19071909enkabc 000 0 eng | ||
| 010 | _a 48038661 | ||
| 040 |
_aDLC _cCarP _dDLC _dBDDh-ASL |
||
| 050 | 0 | 0 |
_aD20 _b.M5 |
| 082 |
_a909 _bHAR |
||
| 100 | 1 |
_aMee, Arthur, _d1875-1943, _eed. |
|
| 245 | 1 | 0 |
_aHarmsworth history of the world, Vol.-15, North America : The Polar Regions : Triumph of the Mind of Man : General Indexes :: _bWritten by the Foremost Historians of our Time and Illustrated with Upwards of 8,000 Pictures/ |
| 260 |
_aLondon : _bCarmelite House, _c1907-09. _c1914. |
||
| 300 |
_a6011-6556 p. : _billus. (part col.) ports., maps (part fold. col.) _c25 cm. |
||
| 650 | 0 | _aWorld history. | |
| 700 | 1 |
_aHammerton, John Alexander, _cSir, _d1871-1949, _ejoint ed. |
|
| 700 | 1 |
_aInnes, Arthur D. _q(Arthur Donald), _d1863-1938, _ejoint ed. |
|
| 906 |
_a0 _bcbc _cpremunv _du _encip _f19 _gy-gencatlg |
||
| 942 |
_2ddc _cBK |
||